000 00588nam a2200205Ia 4500
003 GCL
005 20240530104025.0
008 140319s9999 xx 000 0 ara d
040 _aGCL /
_cGCL
082 0 4 _a364.843
_bو و
100 1 _aوماليشيف . كوفاليوف
245 1 0 _aوراء كواليس الارهاب /
_cوماليشيف . كوفاليوف
300 _a247
490 _a100 قصة
_v0
650 0 4 _aالارهاب
650 0 4 _aالجرائم السياسية
650 0 4 _aالسلام الدولى
700 1 _aزياد الملا
942 _2ddc
_cBK
999 _c44181
_d44181